|
|
|
|
| LEADER |
00901nam a2200217 i 4500 |
| 001 |
c000013160 |
| 003 |
CARM |
| 005 |
00000000000000.0 |
| 008 |
810321s1960 usu 00000 eng d |
| 019 |
1 |
|
|a 6102516
|z 4176215
|5 LACONCORD2021
|
| 035 |
|
|
|a (OCoLC)630842
|5 LACONCORD2021
|
| 100 |
1 |
|
|a Selden, William K.
|
| 245 |
1 |
0 |
|a Accreditation :
|b a struggle over standards in higher educaion.
|
| 260 |
|
|
|a New York :
|b Harper,
|c 1960.
|
| 300 |
|
|
|a 138p.
|
| 650 |
|
0 |
|a Universities and colleges
|x Accreditation.
|
| 852 |
8 |
|
|b CARM
|h A2:AH35A0
|i B03750
|p 0180860
|f BK
|
| 852 |
8 |
|
|b CARM
|h A1:AN34B0
|i B09104
|p 0421468
|f BK
|
| 999 |
f |
f |
|i 5f60e221-e0f5-5062-b007-6ee1c7c75aa0
|s 8182bbc9-36e0-55f5-b68a-c16e94c3d1b4
|
| 952 |
f |
f |
|p Can circulate
|a CAVAL
|b CAVAL
|c CAVAL
|d CARM 1 Store
|e B09104
|f A1:AN34B0
|h Other scheme
|i book
|m 0421468
|
| 952 |
f |
f |
|p Can circulate
|a CAVAL
|b CAVAL
|c CAVAL
|d CARM 1 Store
|e B03750
|f A2:AH35A0
|h Other scheme
|i book
|m 0180860
|